Databased management : objectives,system functions and administration

Bibliographic Details
Main Author: Everest, Gordon C
Format: Book
Published: New York : McGraw-Hill Book Company , 1986
Subjects:

MARC

LEADER 00000cam a2200000 7i4500
001 0000009031
002 000009841
005 .0
020 |a 0070197814 
090 0 0 |a 005.74   |b EVE 
100 1 |a Everest, Gordon C 
245 1 0 |a Databased management :   |b objectives,system functions and administration   |c Gordon C.Everest 
260 |a New York :   |b McGraw-Hill Book Company ,   |c 1986 
300 |a 816 p. ;   |c 24 cm. 
650 0 0 |a Database management 
650 0 0 |a Management information systems 
999 |a 020416   |b BUKU   |c PINJAMAN   |e PERPUSTAKAAN KOMUNITI PETALING JAYA 
999 |a 020417   |b BUKU   |c PINJAMAN   |e PERPUSTAKAAN KOMUNITI PETALING JAYA